[Event "6. Torneo Distrito Chamartin 2017"]
[Site "Madrid ESP"]
[Date "2017.09.05"]
[Round "2.24"]
[White "Martinez Martinez, Antonio"]
[Black "Serrera Sanchez Romo, Sergio"]
[Result "0-1"]
[WhiteElo "1525"]
[BlackElo "1684"]
[PlyCount "84"]
[EventDate "2017.09.04"]
[EventType "swiss"]
[EventRounds "9"]
[EventCountry "ESP"]
[SourceTitle "Ajedrez en Madrid"]
[Source "lmi"]
[SourceDate "2017.09.04"]
[SourceVersion "1"]
[SourceVersionDate "2018.03.05"]
[SourceQuality "1"]

1. e4 c5 2. c4 Nc6 3. Nf3 g6 4. Nc3 Bg7 5. Nd5 e6 6. Ne3 Nge7 7. Rb1 O-O 8. b3
b6 9. Be2 Bb7 10. O-O Nd4 11. d3 d5 12. cxd5 exd5 13. exd5 Nxd5 14. Nxd5 Bxd5
15. Nxd4 Bxd4 16. Bh6 Re8 17. Qd2 Bc6 18. Bg4 Bg7 19. Bg5 Qd4 20. h3 f6 21. Be3
Qd8 22. Rbc1 f5 23. Be2 Bd4 24. b4 Bxe3 25. fxe3 Qe7 26. d4 Rad8 27. bxc5 bxc5
28. Rxc5 Qxc5 29. dxc5 Rxd2 30. Bc4+ Kg7 31. Ra1 Rxg2+ 32. Kf1 Rc2 33. Bd3 Rxc5
34. a4 Rxe3 35. Rd1 Rd5 36. Bc2 Rxd1+ 37. Bxd1 Rxh3 38. Kf2 Ra3 39. Ke1 Ra1 40.
Kd2 Rxd1+ 41. Kxd1 f4 42. Ke2 Bxa4 0-1

[Event "6. Torneo Distrito Chamartin 2017"]
[Site "Madrid ESP"]
[Date "2017.09.05"]
[Round "2.25"]
[White "Picazo Sancho, Carolina"]
[Black "Diaz Begonte, Manuel"]
[Result "1-0"]
[WhiteElo "1486"]
[BlackElo "1680"]
[PlyCount "107"]
[EventDate "2017.09.04"]
[EventType "swiss"]
[EventRounds "9"]
[EventCountry "ESP"]
[SourceTitle "Ajedrez en Madrid"]
[Source "lmi"]
[SourceDate "2017.09.04"]
[SourceVersion "1"]
[SourceVersionDate "2018.03.05"]
[SourceQuality "1"]

1. e4 d5 2. exd5 Nf6 3. Nc3 Nxd5 4. Bc4 c6 5. d3 g6 6. Qf3 Be6 7. Nge2 Nc7 8.
Bxe6 Nxe6 9. O-O Bg7 10. Bd2 O-O 11. Qh3 Nd7 12. Bh6 Nf6 13. Bxg7 Kxg7 14. Ne4
Nxe4 15. dxe4 Qd2 16. Qc3+ Qxc3 17. Nxc3 Nd4 18. Rac1 b5 19. Rfe1 a5 20. Kf1 e5
21. Nd1 Rfd8 22. Ne3 Rd7 23. Rcd1 Rad8 24. f3 h5 25. c3 Ne6 26. Rxd7 Rxd7 27.
Rd1 Rxd1+ 28. Nxd1 f5 29. Nf2 Kf6 30. exf5 gxf5 31. Kg1 Nc5 32. b3 e4 33. fxe4
Nxe4 34. Nxe4+ fxe4 35. Kf2 c5 36. Ke3 Kf5 37. a3 b4 38. cxb4 axb4 39. axb4
cxb4 40. g3 Kg4 41. Kxe4 Kh3 42. Kf3 Kxh2 43. g4 hxg4+ 44. Kxg4 Kg2 45. Kf4 Kh3
46. Ke4 Kg4 47. Kd4 Kf4 48. Kc4 Ke5 49. Kxb4 Kd6 50. Kb5 Kd7 51. Ka6 Kc6 52. b4
Kc7 53. b5 Kb8 54. Kb6 1-0

[Event "6. Torneo Distrito Chamartin 2017"]
[Site "Madrid ESP"]
[Date "2017.09.05"]
[Round "2.26"]
[White "Martinez Pintor, Juan"]
[Black "Perdiguero Herreros, Alejandro"]
[Result "1-0"]
[WhiteElo "1661"]
[BlackElo "1263"]
[PlyCount "83"]
[EventDate "2017.09.04"]
[EventType "swiss"]
[EventRounds "9"]
[EventCountry "ESP"]
[SourceTitle "Ajedrez en Madrid"]
[Source "lmi"]
[SourceDate "2017.09.04"]
[SourceVersion "1"]
[SourceVersionDate "2018.03.05"]
[SourceQuality "1"]

1. d4 c6 2. c4 e6 3. Nc3 d5 4. e3 Nf6 5. Nf3 Bb4 6. Bd2 Nbd7 7. a3 Bxc3 8. Bxc3
Ne4 9. Bb4 a5 10. Qa4 Nb6 11. Bxa5 Nxa4 12. Bxd8 Kxd8 13. b3 Nb6 14. Ne5 Ke7
15. f3 Nd6 16. c5 Nf5 17. cxb6 f6 18. Nd3 Nxe3 19. Kd2 Nf5 20. Kc3 Re8 21. f4
Kd6 22. Be2 Nh6 23. Rhe1 Nf7 24. a4 e5 25. fxe5+ fxe5 26. Nxe5 Nxe5 27. Bd3 g6
28. dxe5+ Rxe5 29. Rxe5 Kxe5 30. Re1+ Kd6 31. Re8 Kc5 32. a5 d4+ 33. Kb2 Kb4
34. Be2 h5 35. g4 Kxa5 36. gxh5 gxh5 37. Bxh5 Kxb6 38. Bg4 Kc7 39. b4 d3 40.
Rxc8+ Rxc8 41. Bxc8 Kd8 42. h4 1-0

[Event "6. Torneo Distrito Chamartin 2017"]
[Site "Madrid ESP"]
[Date "2017.09.05"]
[Round "2.27"]
[White "Cerioni Serret, Luca"]
[Black "De la Aldea Martin, Alvaro"]
[Result "0-1"]
[WhiteElo "1419"]
[BlackElo "1605"]
[PlyCount "46"]
[EventDate "2017.09.04"]
[EventType "swiss"]
[EventRounds "9"]
[EventCountry "ESP"]
[SourceTitle "Ajedrez en Madrid"]
[Source "lmi"]
[SourceDate "2017.09.04"]
[SourceVersion "1"]
[SourceVersionDate "2018.03.05"]
[SourceQuality "1"]

1. d4 Nf6 2. Nf3 g6 3. Bf4 Bg7 4. e3 O-O 5. c3 d6 6. Nbd2 Nbd7 7. Qc2 Qe8 8.
O-O-O Nb6 9. Ne4 Nbd5 10. h4 Nh5 11. g3 Bf5 12. Bh3 Qd7 13. Bxf5 Qxf5 14. Rhg1
Nhxf4 15. gxf4 h6 16. Ng3 Qd7 17. h5 Qg4 18. Qe4 Nf6 19. Qxb7 Rab8 20. Qxc7
Qxf3 21. hxg6 fxg6 22. Qxe7 Qxf2 23. Nf5 Qxb2# 0-1

[Event "6. Torneo Distrito Chamartin 2017"]
[Site "Madrid ESP"]
[Date "2017.09.05"]
[Round "2.28"]
[White "Castro Contreras, Bruno"]
[Black "Osuna Osuna, Francisco"]
[Result "0-1"]
[WhiteElo "1378"]
[BlackElo "1574"]
[PlyCount "90"]
[EventDate "2017.09.04"]
[EventType "swiss"]
[EventRounds "9"]
[EventCountry "ESP"]
[SourceTitle "Ajedrez en Madrid"]
[Source "lmi"]
[SourceDate "2017.09.04"]
[SourceVersion "1"]
[SourceVersionDate "2018.03.05"]
[SourceQuality "1"]

1. d4 d5 2. c4 e5 3. e3 e4 4. cxd5 Qxd5 5. Nc3 Qf5 6. Nge2 Bd6 7. Qc2 Nf6 8. h3
Qg6 9. Nb5 Na6 10. Nxd6+ cxd6 11. Nf4 Qf5 12. Bxa6 Qa5+ 13. Bd2 Qxa6 14. a4 O-O
15. b4 Qc6 16. Qb3 d5 17. Rc1 Qd7 18. O-O b6 19. Rc2 g5 20. Ne2 h5 21. Rfc1 h4
22. Rc6 Qf5 23. b5 g4 24. hxg4 Nxg4 25. Nf4 Nf6 26. Bb4 Re8 27. Rd6 Be6 28.
Rdc6 Kh7 29. Qd1 Ng4 30. Qf1 Rg8 31. Be7 h3 32. Nxh3 Nxe3 33. Ng5+ Rxg5 34.
fxe3 Rxg2+ 35. Qxg2 Rg8 36. Qxg8+ Kxg8 37. R6c3 Qg4+ 38. Kf2 Qf3+ 39. Ke1 Bg4
40. R1c2 Kg7 41. Rh2 Qd1+ 42. Kf2 Qd2+ 43. Kg3 Qxc3 44. Kxg4 Qxe3 45. Kf5 Qf3+
0-1

[Event "6. Torneo Distrito Chamartin 2017"]
[Site "Madrid ESP"]
[Date "2017.09.05"]
[Round "2.29"]
[White "Villarroya Samaniego, Javier"]
[Black "Algaba Traspuesto, Jose Antonio"]
[Result "0-1"]
[WhiteElo "1358"]
[BlackElo "1566"]
[PlyCount "135"]
[EventDate "2017.09.04"]
[EventType "swiss"]
[EventRounds "9"]
[EventCountry "ESP"]
[SourceTitle "Ajedrez en Madrid"]
[Source "lmi"]
[SourceDate "2017.09.04"]
[SourceVersion "1"]
[SourceVersionDate "2018.03.05"]
[SourceQuality "1"]

1. d4 Nf6 2. e3 e6 3. Bd3 c5 4. c3 b6 5. Nf3 Ba6 6. Bxa6 Nxa6 7. Nbd2 Be7 8.
O-O O-O 9. Qe2 Nc7 10. a4 d5 11. b3 cxd4 12. exd4 Rb8 13. Ne5 Qe8 14. b4 b5 15.
axb5 Nxb5 16. Bb2 Qc8 17. Rfc1 Qb7 18. Ra5 Rfc8 19. f3 Nxd4 20. cxd4 Qxb4 21.
Rxc8+ Rxc8 22. Ba3 Qxa5 23. Bxe7 Qa1+ 24. Nf1 Qxd4+ 25. Qe3 Qxe3+ 26. Nxe3 d4
27. Nf1 Nd5 28. Ba3 f6 29. Nd7 e5 30. Nc5 Rb8 31. Ne4 Kf7 32. Ned2 Ke6 33. Kf2
f5 34. g3 Nc3 35. h4 e4 36. fxe4 fxe4 37. Bc5 e3+ 38. Nxe3 dxe3+ 39. Kxe3 Nd5+
40. Ke4 a5 41. Nc4 a4 42. Bd6 Ra8 43. Be5 g6 44. Na3 Rc8 45. Kd4 Rc1 46. Bg7
Rc3 47. Nb5 Rxg3 48. Ke4 Rg4+ 49. Kf3 Rxh4 50. Nd4+ Kd7 51. Kg3 Rh1 52. Kg2 Rb1
53. Kf3 a3 54. Ke4 Nb6 55. Kf4 a2 56. Nc2 Nd5+ 57. Kg5 Rg1+ 58. Kh6 Rh1+ 59.
Kg5 Ke6 60. Bd4 Ne7 61. Na1 h6+ 62. Kg4 Nf5 63. Bb2 Ne3+ 64. Kf3 Nc4 65. Bd4
Kd5 66. Bg7 Ne5+ 67. Bxe5 Kxe5 68. Nb3 0-1

[Event "6. Torneo Distrito Chamartin 2017"]
[Site "Madrid ESP"]
[Date "2017.09.05"]
[Round "2.30"]
[White "Ochoa Gonzalez, Hugo"]
[Black "Gonzalez Martinez, Maria Yolanda"]
[Result "1-0"]
[WhiteElo "1556"]
[BlackElo "1145"]
[PlyCount "39"]
[EventDate "2017.09.04"]
[EventType "swiss"]
[EventRounds "9"]
[EventCountry "ESP"]
[SourceTitle "Ajedrez en Madrid"]
[Source "lmi"]
[SourceDate "2017.09.04"]
[SourceVersion "1"]
[SourceVersionDate "2018.03.05"]
[SourceQuality "1"]

1. e4 c5 2. Nf3 Nf6 3. Nc3 d5 4. e5 Ne4 5. d4 e6 6. Qd3 Nxc3 7. Qxc3 c4 8. Be2
h6 9. O-O Be7 10. Nd2 b5 11. Qg3 Rg8 12. f4 Bd7 13. Nf3 g5 14. fxg5 hxg5 15.
Nh4 Nc6 16. Bh5 Rg7 17. Qf2 Bc8 18. Bxf7+ Kd7 19. Bxe6+ Kxe6 20. Qf5# 1-0

[Event "6. Torneo Distrito Chamartin 2017"]
[Site "Madrid ESP"]
[Date "2017.09.05"]
[Round "2.31"]
[White "Martin Rodriguez, Jose Luis"]
[Black "Ferrando Marti, Roberto"]
[Result "0-1"]
[WhiteElo "1291"]
[BlackElo "1552"]
[PlyCount "54"]
[EventDate "2017.09.04"]
[EventType "swiss"]
[EventRounds "9"]
[EventCountry "ESP"]
[SourceTitle "Ajedrez en Madrid"]
[Source "lmi"]
[SourceDate "2017.09.04"]
[SourceVersion "1"]
[SourceVersionDate "2018.03.05"]
[SourceQuality "1"]

1. c4 e6 2. Nc3 Nf6 3. Nf3 c6 4. g3 d5 5. cxd5 exd5 6. d4 Bf5 7. Bg2 Qc8 8. O-O
Bh3 9. Re1 Bxg2 10. Kxg2 Bd6 11. e4 Be7 12. exd5 Nxd5 13. Nxd5 cxd5 14. Bg5 f6
15. Bf4 Nc6 16. Bd6 Qd7 17. Bxe7 Nxe7 18. Qe2 Rc8 19. Rac1 Rxc1 20. Rxc1 O-O
21. Rc3 Nf5 22. Qc2 Nd6 23. Nh4 Re8 24. f3 Nc4 25. Qc1 Re2+ 26. Kf1 Rxh2 27.
Qf4 Qh3+ 0-1

[Event "6. Torneo Distrito Chamartin 2017"]
[Site "Madrid ESP"]
[Date "2017.09.05"]
[Round "3.1"]
[White "Martin Duque, Jesus"]
[Black "Fernandez Alvarez, Luis"]
[Result "1-0"]
[WhiteElo "2387"]
[BlackElo "2088"]
[PlyCount "101"]
[EventDate "2017.09.04"]
[EventType "swiss"]
[EventRounds "9"]
[EventCountry "ESP"]
[SourceTitle "Ajedrez en Madrid"]
[Source "lmi"]
[SourceDate "2017.09.04"]
[SourceVersion "1"]
[SourceVersionDate "2018.03.05"]
[SourceQuality "1"]

1. e4 e6 2. d4 d5 3. Nd2 c5 4. Ngf3 cxd4 5. exd5 Qxd5 6. Bc4 Qd6 7. O-O Nf6 8.
Nb3 Nc6 9. Nbxd4 Nxd4 10. Nxd4 a6 11. Bb3 Qc7 12. Bg5 Bd6 13. h3 Ne4 14. Be3
O-O 15. c3 b5 16. Qe2 Bb7 17. Rfd1 Rfd8 18. Rac1 Qe7 19. Bc2 Rd7 20. Nf3 Nf6
21. a4 bxa4 22. Bxa4 Rdd8 23. c4 Bc5 24. Ne5 Qc7 25. Bxc5 Qxc5 26. Rxd8+ Rxd8
27. Rd1 Rxd1+ 28. Qxd1 Qe7 29. Qd4 a5 30. Bc2 h6 31. c5 Bd5 32. c6 Ne8 33. Be4
Qd6 34. Bxd5 exd5 35. Qc3 Nc7 36. Nd3 d4 37. Qc4 Kf8 38. f4 Qd5 39. Qc2 Ke7 40.
Qe2+ Qe6 41. Qc2 Qd5 42. Qe2+ Qe6 43. Qc2 Qd5 44. Kh2 f6 45. Qe2+ Qe6 46. Qf3
Kd6 47. Qg3 Qe3 48. Qxg7 Kxc6 49. Qxf6+ Kb7 50. Nc5+ Ka7 51. Qd6 1-0

[Event "6. Torneo Distrito Chamartin 2017"]
[Site "Madrid ESP"]
[Date "2017.09.05"]
[Round "3.2"]
[White "Moreno Ibañez, Miguel"]
[Black "Lopez de Turiso, Jose Angel"]
[Result "1-0"]
[WhiteElo "2289"]
[BlackElo "2050"]
[PlyCount "29"]
[EventDate "2017.09.04"]
[EventType "swiss"]
[EventRounds "9"]
[EventCountry "ESP"]
[SourceTitle "Ajedrez en Madrid"]
[Source "lmi"]
[SourceDate "2017.09.04"]
[SourceVersion "1"]
[SourceVersionDate "2018.03.05"]
[SourceQuality "1"]

1. e4 c5 2. Nf3 Nc6 3. Bb5 e6 4. O-O Nge7 5. Re1 a6 6. Bf1 Ng6 7. c3 d5 8. exd5
Qxd5 9. d4 cxd4 10. cxd4 Be7 11. Nc3 Qd8 12. h4 Nxh4 13. Nxh4 Bxh4 14. d5 Ne7
15. Qa4+ 1-0

[Event "6. Torneo Distrito Chamartin 2017"]
[Site "Madrid ESP"]
[Date "2017.09.05"]
[Round "3.3"]
[White "Quispe Arteaga, Gabriel"]
[Black "Yingrui, Lin"]
[Result "1-0"]
[WhiteElo "2197"]
[BlackElo "2031"]
[PlyCount "157"]
[EventDate "2017.09.04"]
[EventType "swiss"]
[EventRounds "9"]
[EventCountry "ESP"]
[SourceTitle "Ajedrez en Madrid"]
[Source "lmi"]
[SourceDate "2017.09.04"]
[SourceVersion "1"]
[SourceVersionDate "2018.03.05"]
[SourceQuality "1"]

1. Nf3 d5 2. g3 c5 3. Bg2 Nc6 4. d4 Nf6 5. O-O e6 6. c4 cxd4 7. Nxd4 Bc5 8.
Nxc6 bxc6 9. Qc2 Be7 10. Rd1 O-O 11. Nc3 Qa5 12. b3 Ba6 13. Bd2 Qc7 14. Na4
Rac8 15. Rac1 Ba3 16. Rb1 Bd6 17. Bg5 Nd7 18. e4 dxc4 19. Qd2 c3 20. Qxc3 Be5
21. Qd2 Nb6 22. Nc5 Bb7 23. f4 h6 24. fxe5 hxg5 25. Qxg5 Rce8 26. a4 a5 27. Kh1
Bc8 28. Rd6 f6 29. exf6 Rxf6 30. e5 Rf5 31. Qg6 Qe7 32. Be4 Rxe5 33. Qh7+ Kf8
34. Rf1+ Rf5 35. Bxf5 exf5 36. Rxf5+ Bxf5 37. Qxf5+ Kg8 38. Re6 Rf8 39. Rxe7
Rxf5 40. Ne6 Rf1+ 41. Kg2 Rb1 42. Rxg7+ Kh8 43. Ra7 Rxb3 44. Rxa5 Nd5 45. Rc5
Ne7 46. Kh3 Ra3 47. Nd4 Rxa4 48. Nxc6 Ng6 49. Ne5 Nf8 50. Rc4 Ra5 51. Nd3 Kg7
52. Nf4 Nh7 53. Rc5 Ra6 54. Kg4 Nf6+ 55. Kf5 Ng8 56. h4 Rf6+ 57. Kg5 Rf7 58. h5
Nf6 59. Ne6+ Kh7 60. Kh4 Kh6 61. g4 Ne4 62. Re5 Rf1 63. Rxe4 Kh7 64. Nf4 Kh6
65. g5+ Kh7 66. Re7+ Kg8 67. Kg4 Kf8 68. Ra7 Rb1 69. h6 Rh1 70. Ra8+ Kf7 71. h7
Kg7 72. h8=Q+ Rxh8 73. Rxh8 Kxh8 74. g6 Kg7 75. Kg5 Kg8 76. Kh6 Kh8 77. g7+ Kg8
78. Ne2 Kf7 79. Kh7 1-0

[Event "6. Torneo Distrito Chamartin 2017"]
[Site "Madrid ESP"]
[Date "2017.09.05"]
[Round "3.4"]
[White "Rottenwohrer Suarez, Juan"]
[Black "Blesa Fernandez, Francisco"]
[Result "1/2-1/2"]
[WhiteElo "2180"]
[BlackElo "2010"]
[PlyCount "86"]
[EventDate "2017.09.04"]
[EventType "swiss"]
[EventRounds "9"]
[EventCountry "ESP"]
[SourceTitle "Ajedrez en Madrid"]
[Source "lmi"]
[SourceDate "2017.09.04"]
[SourceVersion "1"]
[SourceVersionDate "2018.03.05"]
[SourceQuality "1"]

1. c4 Nf6 2. d4 g6 3. Nf3 Bg7 4. g3 O-O 5. Bg2 d6 6. O-O Nc6 7. Nc3 a6 8. Re1
Bd7 9. e4 e5 10. d5 Ne7 11. c5 Ne8 12. b4 a5 13. Rb1 axb4 14. Rxb4 Qc8 15. Be3
f5 16. Bg5 Bf6 17. cxd6 cxd6 18. Qb3 Bxg5 19. Nxg5 Ra7 20. Rc4 Qb8 21. f4 exf4
22. e5 fxg3 23. Rh4 gxh2+ 24. Rxh2 h5 25. Qb4 Qd8 26. exd6 Nc8 27. Ne6 Bxe6 28.
Rxe6 Rf6 29. Qd4 Rxe6 30. dxe6 Qxd6 31. Nd5 Qxe6 32. Ne3 Qb6 33. Qe5 Nf6 34.
Bd5+ Nxd5 35. Qxd5+ Kh8 36. Qe5+ Kh7 37. Rd2 Qb1+ 38. Rd1 Qe4 39. Rd7+ Kh6 40.
Qh8+ Kg5 41. Qd8+ Kh6 42. Qh8+ Kg5 43. Qd8+ Kh6 1/2-1/2

[Event "6. Torneo Distrito Chamartin 2017"]
[Site "Madrid ESP"]
[Date "2017.09.05"]
[Round "3.5"]
[White "Delgado Alarcon, Jesus Francisco"]
[Black "Martinez Fernandez, Raul"]
[Result "1-0"]
[WhiteElo "2094"]
[BlackElo "2180"]
[PlyCount "51"]
[EventDate "2017.09.04"]
[EventType "swiss"]
[EventRounds "9"]
[EventCountry "ESP"]
[SourceTitle "Ajedrez en Madrid"]
[Source "lmi"]
[SourceDate "2017.09.04"]
[SourceVersion "1"]
[SourceVersionDate "2018.03.05"]
[SourceQuality "1"]

1. d4 d5 2. c3 Nf6 3. f4 e6 4. Nf3 Nbd7 5. e3 Be7 6. Bd3 g6 7. Nbd2 b6 8. Ne5
Nxe5 9. fxe5 Nh5 10. O-O O-O 11. e4 Bb7 12. exd5 Bxd5 13. Ne4 f5 14. exf6 Nxf6
15. Ng5 Qd7 16. Qe2 h6 17. Nf3 g5 18. Ne5 Qd6 19. Ng6 Rf7 20. h4 gxh4 21. Bf4
Qd8 22. Bxh6 Bd6 23. Ne5 h3 24. Nxf7 Kxf7 25. Qh5+ Ke7 26. Rxf6 1-0

[Event "6. Torneo Distrito Chamartin 2017"]
[Site "Madrid ESP"]
[Date "2017.09.05"]
[Round "3.6"]
[White "Bento Iglesias, Pablo"]
[Black "Sanchez Jerez, Emilio Miguel"]
[Result "0-1"]
[WhiteElo "2029"]
[BlackElo "2140"]
[PlyCount "122"]
[EventDate "2017.09.04"]
[EventType "swiss"]
[EventRounds "9"]
[EventCountry "ESP"]
[SourceTitle "Ajedrez en Madrid"]
[Source "lmi"]
[SourceDate "2017.09.04"]
[SourceVersion "1"]
[SourceVersionDate "2018.03.05"]
[SourceQuality "1"]

1. e4 c5 2. c3 Nf6 3. e5 Nd5 4. d4 cxd4 5. Nf3 Nc6 6. cxd4 d6 7. Bc4 dxe5 8.
Nxe5 Be6 9. Nxc6 bxc6 10. O-O g6 11. Qe2 Bg7 12. Be3 O-O 13. Nc3 Qb6 14. Na4
Qb4 15. b3 Nxe3 16. fxe3 Bxc4 17. Qxc4 Qxc4 18. bxc4 e5 19. d5 e4 20. Rab1 cxd5
21. cxd5 Bh6 22. Kf2 Rfd8 23. Nc3 f5 24. Rfd1 Rac8 25. Rbc1 Bf8 26. Ne2 Kf7 27.
Nf4 Be7 28. Ke2 Rxc1 29. Rxc1 g5 30. Nh3 h6 31. Rc6 Rd6 32. Rc7 Ra6 33. a4 Kf6
34. Rc6+ Rxc6 35. dxc6 Bd6 36. g3 Ke6 37. Nf2 Kd5 38. Kd2 Kxc6 39. Kc3 Kd5 40.
Nd1 a5 41. Kb3 Be5 42. Nf2 h5 43. Nh3 Bf6 44. Ng1 g4 45. Ne2 Be5 46. Nc3+ Kc5
47. Ne2 h4 48. gxh4 Bxh2 49. h5 Be5 50. h6 g3 51. h7 g2 52. Ng1 Kd5 53. Ne2 Ke6
54. h8=Q Bxh8 55. Nf4+ Kf6 56. Nxg2 Kg5 57. Kc2 Be5 58. Kd2 Bd6 59. Ke2 Bg3 60.
Kd2 Kg4 61. Ke2 Kh3 0-1

[Event "6. Torneo Distrito Chamartin 2017"]
[Site "Madrid ESP"]
[Date "2017.09.05"]
[Round "3.7"]
[White "Elissalt Cardenas, Hector"]
[Black "Camarero Izquierdo, Juan Carlos"]
[Result "0-1"]
[WhiteElo "2360"]
[BlackElo "1844"]
[PlyCount "48"]
[EventDate "2017.09.04"]
[EventType "swiss"]
[EventRounds "9"]
[EventCountry "ESP"]
[SourceTitle "Ajedrez en Madrid"]
[Source "lmi"]
[SourceDate "2017.09.04"]
[SourceVersion "1"]
[SourceVersionDate "2018.03.05"]
[SourceQuality "1"]

1. d4 f5 2. Qd3 e6 3. g4 fxg4 4. h3 g3 5. fxg3 Nf6 6. Nf3 Nc6 7. a3 d5 8. Bf4
Bd6 9. Nc3 O-O 10. Rg1 a6 11. O-O-O b5 12. h4 b4 13. axb4 Nxb4 14. Qd2 a5 15.
e4 dxe4 16. Ng5 a4 17. Nb5 a3 18. bxa3 Nbd5 19. Be5 Bxa3+ 20. Nxa3 Rxa3 21. Kb2
Qe7 22. Bc4 Rc3 23. Bxf6 Qa3+ 24. Kb1 Rxc4 0-1

[Event "6. Torneo Distrito Chamartin 2017"]
[Site "Madrid ESP"]
[Date "2017.09.05"]
[Round "3.8"]
[White "Cardena Contreras, Javier"]
[Black "Solaesa Navalpotro, Luis Julio"]
[Result "0-1"]
[WhiteElo "1925"]
[BlackElo "2272"]
[PlyCount "92"]
[EventDate "2017.09.04"]
[EventType "swiss"]
[EventRounds "9"]
[EventCountry "ESP"]
[SourceTitle "Ajedrez en Madrid"]
[Source "lmi"]
[SourceDate "2017.09.04"]
[SourceVersion "1"]
[SourceVersionDate "2018.03.05"]
[SourceQuality "1"]

1. e4 c6 2. d4 d5 3. f3 e6 4. Nc3 Nf6 5. Bg5 Qb6 6. Qd2 dxe4 7. fxe4 Qxb2 8.
Rb1 Qa3 9. Rb3 Qa5 10. Bd3 Nbd7 11. Nge2 e5 12. dxe5 Ng4 13. e6 fxe6 14. Qf4
Nge5 15. O-O Bc5+ 16. Kh1 Rf8 17. Qc1 Rxf1+ 18. Qxf1 Ng4 19. Bh4 Be7 20. Bxe7
Kxe7 21. Qf4 Ngf6 22. Qd2 Qe5 23. Ng3 Nc5 24. Rb1 Bd7 25. Re1 Kf7 26. Bc4 b5
27. Bd3 Kg8 28. Nd1 a5 29. Nf2 Na4 30. Qe3 c5 31. c4 b4 32. Bc2 Rc8 33. Nd3 Qd4
34. Qg5 h6 35. Qh4 Nc3 36. Nh5 Nxh5 37. Qxh5 Nxe4 38. Qh4 Rf8 39. Qh3 Nf2+ 40.
Nxf2 Qxf2 41. Rg1 Qxc2 42. Qg4 Qf5 43. Qd1 Bc6 44. Qe2 e5 45. Qe3 e4 46. h3 Qf2
0-1

[Event "6. Torneo Distrito Chamartin 2017"]
[Site "Madrid ESP"]
[Date "2017.09.05"]
[Round "3.9"]
[White "Perez Gonzalez, Daniel"]
[Black "Longa Yauca, Javier"]
[Result "1-0"]
[WhiteElo "1894"]
[BlackElo "2261"]
[PlyCount "61"]
[EventDate "2017.09.04"]
[EventType "swiss"]
[EventRounds "9"]
[EventCountry "ESP"]
[SourceTitle "Ajedrez en Madrid"]
[Source "lmi"]
[SourceDate "2017.09.04"]
[SourceVersion "1"]
[SourceVersionDate "2018.03.05"]
[SourceQuality "1"]

1. e4 e5 2. d4 exd4 3. Qxd4 Nc6 4. Qe3 Nf6 5. Bd2 b6 6. Nc3 Bc5 7. Qg3 O-O 8.
Bh6 Ne8 9. Bg5 f6 10. Bc4+ Kh8 11. Bd2 Ne5 12. Bb3 Bb7 13. f4 Ng6 14. O-O-O Nd6
15. Re1 f5 16. e5 Ne4 17. Nxe4 fxe4 18. Nh3 Be7 19. Ng5 Bxg5 20. fxg5 Qe7 21.
Bc3 Rf5 22. h4 Raf8 23. e6 d5 24. h5 Nf4 25. h6 Rxg5 26. Qh4 Kg8 27. hxg7 Rxg7
28. Bxg7 Qxg7 29. e7 Re8 30. Qxf4 Rxe7 31. Rxe4 1-0

[Event "6. Torneo Distrito Chamartin 2017"]
[Site "Madrid ESP"]
[Date "2017.09.05"]
[Round "3.10"]
[White "Garcia Serrano, Jose Manuel"]
[Black "Alvarez Serrano, Carlos"]
[Result "0-1"]
[WhiteElo "1843"]
[BlackElo "2212"]
[PlyCount "98"]
[EventDate "2017.09.04"]
[EventType "swiss"]
[EventRounds "9"]
[EventCountry "ESP"]
[SourceTitle "Ajedrez en Madrid"]
[Source "lmi"]
[SourceDate "2017.09.04"]
[SourceVersion "1"]
[SourceVersionDate "2018.03.05"]
[SourceQuality "1"]

1. e4 c5 2. d4 cxd4 3. c3 dxc3 4. Nxc3 Nc6 5. Nf3 d6 6. Bc4 a6 7. O-O Nf6 8.
Bg5 e6 9. Qe2 h6 10. Bh4 g5 11. Bg3 Nh5 12. Rad1 Nxg3 13. hxg3 h5 14. Qd2 Be7
15. Nh2 Ne5 16. Bb3 h4 17. g4 Qb6 18. Kh1 Ng6 19. Ne2 Bd7 20. f4 h3 21. g3 Bc6
22. Nc3 Qb4 23. Qe2 Rh6 24. fxg5 Rh7 25. Nf3 O-O-O 26. Nd4 Bd7 27. Nf5 Bf8 28.
Rd4 Qb6 29. Rc4+ Kb8 30. Nh6 Ne5 31. Na4 Bxa4 32. Rxa4 Bxh6 33. gxh6 Rxh6 34.
Qd2 Rg6 35. Rb4 Qa7 36. Rc1 h2 37. Qc3 Qc5 38. Qe1 Qg1+ 39. Qxg1 hxg1=Q+ 40.
Kxg1 Nd3 41. Rcc4 Nxb4 42. Rxb4 Rxg4 43. Kf2 d5 44. Kf3 f5 45. Rb6 dxe4+ 46.
Ke2 Rxg3 47. Bxe6 f4 48. Bf5 Rg2+ 49. Ke1 f3 0-1

[Event "6. Torneo Distrito Chamartin 2017"]
[Site "Madrid ESP"]
[Date "2017.09.05"]
[Round "3.11"]
[White "Gomez Peco, Pablo"]
[Black "Barragan Arriaza, Pablo"]
[Result "1-0"]
[WhiteElo "2192"]
[BlackElo "1908"]
[PlyCount "179"]
[EventDate "2017.09.04"]
[EventType "swiss"]
[EventRounds "9"]
[EventCountry "ESP"]
[SourceTitle "Ajedrez en Madrid"]
[Source "lmi"]
[SourceDate "2017.09.04"]
[SourceVersion "1"]
[SourceVersionDate "2018.03.05"]
[SourceQuality "1"]

1. d4 d5 2. c4 c6 3. Nc3 Nf6 4. cxd5 cxd5 5. Bf4 Nc6 6. e3 Bf5 7. Bd3 Bxd3 8.
Qxd3 e6 9. a3 Bd6 10. Bxd6 Qxd6 11. f4 a6 12. Nf3 Nd7 13. g4 f6 14. g5 f5 15.
h4 b5 16. Ne5 Ndxe5 17. fxe5 Qe7 18. b4 Rc8 19. Ne2 Nb8 20. Nf4 Nd7 21. Qe2 O-O
22. Nd3 Rc4 23. O-O Rfc8 24. Nc5 Nxc5 25. bxc5 Ra4 26. Rfb1 Qc7 27. Rb4 Qa5 28.
Qb2 Rc6 29. Ra2 Rxb4 30. axb4 Qc7 31. Qa1 Qb7 32. Kf2 Qc8 33. Kg3 Kh8 34. Kf4
Kg8 35. Qd1 Qe8 36. Qe2 Kh8 37. Ra1 Kg8 38. Kg3 Kh8 39. Rf1 Kg8 40. Rf4 Kh8 41.
Qa2 Kg8 42. Qe2 Kh8 43. Kh3 Kg8 44. Rf2 Kh8 45. Rg2 Kg8 46. h5 Kh8 47. Qf3 Kg8
48. g6 h6 49. Qd1 Kh8 50. Qb3 Qd7 51. Rf2 Rc8 52. Qd1 Rc6 53. Rf4 Rc8 54. Qf3
Kg8 55. Qg2 Kh8 56. Qa2 Rc6 57. Qf2 Rc8 58. Kg2 Kg8 59. Kf1 Kh8 60. Qa2 Rc6 61.
Ke2 Kg8 62. Kd2 Kh8 63. Kc3 Kg8 64. e4 dxe4 65. Rxf5 Qe7 66. Rf7 Qh4 67. Qf2
Qxf2 68. Rxf2 Rc7 69. Kd2 a5 70. bxa5 Ra7 71. Ke3 Rxa5 72. Kxe4 Ra1 73. Rb2
Re1+ 74. Kd3 Rd1+ 75. Ke3 Kf8 76. Rxb5 Re1+ 77. Kd2 Re4 78. Kc3 Re3+ 79. Kc4
Re1 80. Rb8+ Ke7 81. Rg8 Kd7 82. Rxg7+ Kc6 83. Rg8 Rc1+ 84. Kd3 Rd1+ 85. Ke3
Re1+ 86. Kd2 Rg1 87. Ra8 Rg2+ 88. Kd3 Rg3+ 89. Kc4 Rg1 90. Ra6+ 1-0